000 00499cam a22001457a 4500
008 180718b1950 xxu||||| |||| 00| 0 eng d
082 _aL26x54 In2m
100 _aIndia. Motor Vehicle Taxation Enquiry Committee
245 _aReport of the Motor Vehicle Taxation Enquiry Committee
_cby Ministry of Transport
260 _aDelhi
_bThe Manager of Publications
_c1950
300 _a224+p.
500 _aChairman: M.N. Dalal
700 _aIndia. Ministry of Transport
700 _aDalal, M.N. (Chairman)
999 _c489517
_d489517